[Event "Campeonato Estadual de Mestres do  RJ 2"]
[Site "ALEX"]
[Date "2025.06.19"]
[Round "2.2"]
[White "Frolov, Ivan"]
[Black "De Albuquerque, Ian Telek C."]
[Result "1/2-1/2"]
[WhiteElo "2013"]
[BlackElo "2175"]
[Annotator "CB - RR"]
[PlyCount "67"]
[EventDate "2025.06.19"]
[EventRounds "6"]
[EventCountry "BRA"]

1. e4 c5 2. Nf3 d6 3. c3 Nf6 4. h3 Nc6 5. Bd3 d5 6. exd5 Qxd5 7. Qe2 e6 ({RR} 7... Bf5 8. Bxf5 Qxf5 9. Na3 O-O-O 10. O-O g5 11. d4 g4 12. hxg4 Qxg4 13. Nc4 Rg8 14. g3 cxd4 15. cxd4 Nxd4 16. Nxd4 Rxd4 17. Qxg4+ Nxg4 18. b3 Bg7 19. Rb1 Rd3 20. Bf4 e5 21. Rfc1 Kb8 22. Be3 {Deveci,H (2212)-Nagare Kaivalya Sandip (2321) chess.com INT 2025 1-0 (73)}) ({RR} 7... Bf5 8. Bxf5 Qxf5 9. O-O e6 10. Rd1 Be7 11. d4 cxd4 12. Nxd4 Nxd4 13. Rxd4 O-O 14. Nd2 Bc5 15. g4 Qc2 16. Qd3 Qxd3 17. Rxd3 Rfd8 18. Rxd8+ Rxd8 19. Nb3 Ne4 20. Be3 Bxe3 21. fxe3 Rd3 22. Re1 {Frolov,I (2002)-De Albuquerque,I (2194) LIENG PUC-Rio. R Mq de S Vice 2025 ½-½ (57)}) 8. O-O Be7 9. Rd1 ({RR} 9. Bc4 Qe4 10. Qxe4 Nxe4 11. d4 cxd4 12. Nxd4 Nxd4 13. cxd4 O-O 14. d5 Bc5 15. Nc3 Nxc3 16. bxc3 Bd7 17. dxe6 Bxe6 18. Bxe6 fxe6 19. a4 b6 20. a5 Rac8 21. axb6 Bxb6 22. Ra3 a5 23. Be3 Bxe3 {Kobalia,M (2679)-Volokitin,A (2683) Konya 2011 ½-½}) 9... b6 10. Na3 $146 ({RR} 10. Bc4 Qe4 11. Qf1 Bb7 12. d4 Rd8 13. Re1 Qf5 14. Ne5 Nd7 15. Bd3 Qh5 16. Be2 Qf5 17. Bg4 Qf6 18. Bf3 Ndxe5 19. dxe5 Qg6 20. Qb5 Rc8 21. Qe2 Bg5 22. Nd2 O-O 23. Be4 Qh6 24. Nf3 Bf4 {Savic,M (2523)-Lekic,D (2429) Banja Vrucica 2014 1-0 (52)}) 10... Bb7 11. Ba6 Bxa6 12. Qxa6 O-O 13. d3 Rfd8 14. Be3 Qf5 15. Rac1 Nd5 16. Nc4 Rac8 17. d4 Nxe3 18. Nxe3 Qe4 19. d5 exd5 20. Rxd5 Rb8 21. Rcd1 Rxd5 22. Nxd5 Bf8 23. Qb5 Ne5 24. Nxe5 Qxe5 25. Qd7 Qe2 26. Rd2 Qe1+ 27. Kh2 a5 28. a4 Rb7 29. Qxb7 Qxd2 30. Ne7+ Bxe7 31. Qxe7 Qf4+ 32. Kg1 Qc1+ 33. Kh2 Qf4+ 34. Kg1 1/2-1/2

[Event "Campeonato Estadual de Mestres do  RJ 2"]
[Site "ALEX"]
[Date "2025.06.19"]
[Round "2.3"]
[White "Serpa, Rafael Araujo"]
[Black "De Carvalho Jr, Rogerio Brambila"]
[Result "1-0"]
[WhiteElo "2064"]
[BlackElo "1943"]
[Annotator "CB - RR"]
[PlyCount "95"]
[EventDate "2025.06.19"]
[EventRounds "6"]
[EventCountry "BRA"]

1. e4 c5 2. Nf3 e6 3. c3 d5 4. exd5 exd5 5. d4 Nc6 6. Bb5 Nf6 7. O-O Be7 8. dxc5 Bxc5 9. Re1+ Be6 10. Nd4 O-O 11. Bxc6 Bxd4 12. Qxd4 bxc6 13. Bg5 Re8 14. Nd2 Qe7 $146 ({RR} 14... h6 15. Bxf6 Qxf6 16. Qxf6 gxf6 17. Nb3 Kf8 18. Nc5 Ke7 19. b4 a5 20. a3 Reb8 21. Nb3 axb4 22. axb4 Kd6 23. f3 Bf5 24. Nd4 Bd7 25. Nb3 Bf5 26. Kf2 Bd3 27. Ke3 Bc4 28. Nd4 c5 29. Nf5+ {Soto Vega,J (2353)-Shandrygin,N (2209) chess.com INT 2025 0-1 (59)}) 15. Nb3 h6 16. Bxf6 Qxf6 17. Qxf6 gxf6 18. Re3 Kh7 19. Rae1 Bd7 20. Nc5 Rxe3 21. Rxe3 Bf5 22. h3 Rb8 23. Rf3 Kg6 24. Rg3+ Kh7 25. b4 Be6 26. Nb3 Rc8 27. a3 Rg8 28. Rxg8 Kxg8 29. Kf1 Kf8 30. Ke2 Ke7 31. Ke3 Kd6 32. Kd4 Bf5 33. Nd2 Bc2 34. Nf1 a5 35. Ne3 axb4 36. cxb4 Ba4 37. Nf5+ Ke6 38. Nxh6 f5 39. g4 fxg4 40. hxg4 Kf6 41. f4 Bd1 42. Ng8+ Kg7 43. Ne7 Ba4 44. Kc5 Kf6 45. Nf5 Bd1 46. Kxc6 Bxg4 47. Nd4 Be6 48. b5 1-0

[Event "Campeonato Estadual de Mestres do  RJ 2"]
[Site "ALEX"]
[Date "2025.06.19"]
[Round "2.4"]
[White "Chaves, Jorge Antonio Torre"]
[Black "Manzi, Luiz Antonio Bardar"]
[Result "0-1"]
[WhiteElo "1935"]
[BlackElo "2044"]
[Annotator "CB - RR"]
[PlyCount "58"]
[EventDate "2025.06.19"]
[EventRounds "6"]
[EventCountry "BRA"]

1. d4 Nf6 2. e3 g6 3. f4 c5 4. c3 ({RR} 4. Nf3 Bg7 5. c3 b6 6. Bd3 O-O 7. e4 d5 8. e5 Ne4 9. Nbd2 f5 10. exf6 exf6 11. O-O f5 12. Ne5 Ba6 13. Bxa6 Nxa6 14. dxc5 Naxc5 15. Ndf3 Rc8 16. Be3 Re8 17. g3 Qd6 18. Kg2 Re7 {Blatny,P (2478)-Pieper,T (2260) FIDE.com 2001 0-1 (50)}) ({RR} 4. Nf3 Bg7 5. c3 b6 6. Bd3 Bb7 7. O-O Ne4 8. Nbd2 d5 9. Ne5 Nd7 10. Bb5 Bxe5 11. fxe5 a6 12. Nxe4 dxe4 13. Bc4 e6 14. Bd2 Rc8 15. Bb3 h5 16. Be1 Qg5 17. d5 exd5 18. Bxd5 Bxd5 {Shubenkova,V (2030)-Prudnykova,O (2268) FIDE Online Arena INT 2024 1-0}) 4... b6 5. d5 $146 ({RR} 5. Nf3 Bb7 6. Bd3 Bg7 7. Nbd2 cxd4 8. exd4 O-O 9. O-O d6 10. Qe2 Nc6 11. f5 Qd7 12. Ng5 Rae8 13. fxg6 hxg6 14. Bb5 e5 15. Qd3 exd4 16. cxd4 a6 17. Ba4 Nh5 18. d5 b5 19. dxc6 Qxc6 {Pimienta Sanchez,M (1891)-Fernandez Manrique,A (2115) La Laguna 2010 0-1 (34)}) ({RR} 5. Nf3 Bb7 6. Bd3 Bg7 7. O-O O-O 8. Qe2 Nc6 9. Bd2 d6 10. e4 e6 11. Na3 a6 12. Rad1 cxd4 13. cxd4 b5 14. Kh1 Qb6 15. Nc2 d5 16. e5 Ne4 17. Be3 Ne7 18. g4 b4 19. Nce1 Rac8 {Beyer,H (2165)-Movsziszian,K (2485) Hamburg 1993 0-1 (45)}) 5... Bb7 6. c4 Bg7 7. Nc3 O-O 8. e4 d6 9. Nf3 e6 10. Be2 exd5 11. cxd5 Re8 12. Qc2 Qe7 13. Nd2 Nxd5 14. Nxd5 Bxd5 15. O-O Bb7 16. Bf3 Nc6 17. Re1 Nd4 18. Qd1 f5 19. Rb1 fxe4 20. Bg4 h5 21. Bh3 e3 22. Nf3 e2 23. Qd3 Be4 24. Qa6 Nxf3+ 25. gxf3 Bd4+ 26. Kg2 Bxf3+ 27. Kxf3 Qe4+ 28. Kg3 h4+ 29. Kg4 Qf5+ 0-1

[Event "Campeonato Estadual de Mestres do  RJ 2"]
[Site "ALEX"]
[Date "2025.06.19"]
[Round "2.5"]
[White "Okamura, Milton Kasuo"]
[Black "Reimberg, Arthur Bernardo"]
[Result "1-0"]
[WhiteElo "2042"]
[BlackElo "1934"]
[Annotator "CB - RR"]
[PlyCount "92"]
[EventDate "2025.06.19"]
[EventRounds "6"]
[EventCountry "BRA"]

1. d4 Nf6 2. c4 e6 3. Nc3 d5 4. cxd5 exd5 5. Bg5 Be7 6. e3 c6 7. Bd3 h6 8. Bh4 O-O 9. Nge2 Re8 10. O-O Nbd7 11. f3 c5 12. Bf2 b6 13. Ng3 Bb7 14. Qd2 a6 15. Rad1 Rc8 $146 ({RR} 15... Bf8 16. e4 dxe4 17. Ngxe4 cxd4 18. Bxd4 Nxe4 19. Bxe4 Bxe4 20. Nxe4 Nc5 21. Qf2 Qc7 22. Rc1 Rac8 23. Qh4 Qd8 24. Qxd8 Rexd8 25. Bxc5 Bxc5+ 26. Nxc5 Rxc5 27. Rxc5 bxc5 28. g3 Kf8 29. Rf2 Rd3 30. Rc2 {Dimitrov,R (2488)-Schneider,J (2298) Ditzingen GER 2023 1-0 (70)}) ({RR} 15... Bf8 16. e4 dxe4 17. Ngxe4 cxd4 18. Bxd4 Nxe4 19. Bxe4 Bxe4 20. Nxe4 Nc5 21. Qf2 Qc7 22. Rc1 Rac8 23. Qh4 Qd8 24. Qxd8 Rexd8 25. Bxc5 Bxc5+ 26. Nxc5 Rxc5 27. Rxc5 bxc5 28. g3 Kf8 29. Rf2 Rd3 30. Rc2 {Dimitrov,R (2488)-Schneider,J (2298) Ditzingen GER 2023 1-0 (70)}) 16. Bb1 Bf8 17. h4 b5 18. Nce2 cxd4 19. Nxd4 Ne5 20. b3 Qb6 21. Nge2 a5 22. Bf5 Ra8 23. Qb2 b4 24. Rc1 Bc8 25. Bb1 Bd7 26. Rcd1 Bc5 27. Nf4 Rac8 28. Qd2 Rcd8 29. Qc2 Bd6 30. Nf5 Bxf5 31. Qxf5 Bc5 32. Rfe1 Ned7 33. Qd3 Re5 34. Re2 Rde8 35. Rde1 Nf8 36. Qd2 R5e7 37. Nd3 Ne6 38. Nxc5 Qxc5 39. Rc1 Qb5 40. Ree1 Rd7 41. Bd3 Qb7 42. Bg3 Red8 43. Be5 Ne8 44. Bg3 Qb6 45. Qb2 f6 46. Bf2 Qd6 1-0

[Event "Campeonato Estadual de Mestres do  RJ 2"]
[Site "ALEX"]
[Date "2025.06.19"]
[Round "2.6"]
[White "Santos Filho, Tadeu Sousa"]
[Black "Franca, Joao Vitor Da Silva"]
[Result "1-0"]
[WhiteElo "2035"]
[BlackElo "1795"]
[Annotator "CB - RR"]
[PlyCount "101"]
[EventDate "2025.06.19"]
[EventRounds "6"]
[EventCountry "BRA"]

1. e4 c5 2. Nf3 d6 3. Bb5+ Nd7 4. Ba4 Ngf6 5. O-O g6 6. c3 Bg7 7. Re1 O-O 8. d4 cxd4 9. cxd4 a6 ({RR} 9... d5 10. e5 Ne4 11. Nbd2 Nxd2 12. Bxd2 Nb6 13. Bc2 Bg4 14. h3 Bxf3 15. Qxf3 Rc8 16. Bd3 Nc4 17. Bc3 e6 18. Rac1 Qb6 19. Qe2 a6 20. h4 Rc6 21. h5 Rfc8 22. hxg6 hxg6 23. g3 Na3 24. Kg2 {Larkin,V (2443)-Kanep,M (2378) Tartu EST 2025 1-0 (48)}) 10. Nc3 b5 11. Bb3 e5 12. a4 $146 ({RR} 12. dxe5 Nxe5 13. Nxe5 dxe5 14. Qf3 Be6 15. Bxe6 fxe6 16. Qh3 Qe7 17. Bg5 Qf7 18. Rad1 Nh5 19. Be3 Nf4 20. Qg4 h5 21. Qf3 g5 22. Rd6 g4 23. Qd1 Qg6 24. Bxf4 exf4 25. e5 g3 26. hxg3 fxg3 {Vasli,A (2395)-Pyrih,R (2396) chess.com INT 2024 0-1 (42)}) ({RR} 12. dxe5 Nxe5 13. Nxe5 dxe5 14. Qf3 Be6 15. Bxe6 fxe6 16. Qh3 Qe7 17. Bg5 Qf7 18. Rad1 Nh5 19. Be3 Nf4 20. Qg4 h5 21. Qf3 g5 22. Rd6 g4 23. Qd1 Qg6 24. Bxf4 exf4 25. e5 g3 26. hxg3 fxg3 {Vasli,A (2395)-Pyrih,R (2396) chess.com INT 2024 0-1 (42)}) 12... b4 13. Nd5 Nxd5 14. Bxd5 Rb8 15. Bg5 Bf6 16. Be3 Bb7 17. Bxb7 Rxb7 18. a5 Rb5 19. Qb3 Qc7 20. Rec1 Qb7 21. d5 Nb8 22. Nd2 Rd8 23. Nc4 Be7 24. Nb6 Nd7 25. g3 Nc5 26. Bxc5 dxc5 27. Rd1 Bd6 28. Rd3 Qc7 29. Rf3 Kg7 30. h4 h5 31. Kg2 Rb8 32. Nc4 Qd8 33. Qe3 f6 34. b3 Qc7 35. Rd1 Rd8 36. Ra1 Rdb8 37. Kh2 Rd8 38. Rc1 Qe7 39. Rg1 Qd7 40. Rc1 Qe7 41. Qe2 Qd7 42. Rd3 Rdb8 43. Rg1 Rh8 44. g4 hxg4 45. Rxg4 Bc7 46. Rdg3 Rh6 47. Kg2 Kf7 48. Qd2 Kg7 49. h5 g5 50. Rxg5+ fxg5 51. Qxg5+ 1-0

[Event "Campeonato Estadual de Mestres do  RJ 2"]
[Site "ALEX"]
[Date "2025.06.19"]
[Round "2.8"]
[White "Silva, Clara Oliveira"]
[Black "Salles, Marvio Darilho"]
[Result "0-1"]
[WhiteElo "1646"]
[BlackElo "2041"]
[Annotator "CB - RR"]
[PlyCount "58"]
[EventDate "2025.06.19"]
[EventRounds "6"]
[EventCountry "BRA"]

1. e4 e6 2. Nf3 d5 3. e5 c5 4. d4 cxd4 5. Nxd4 Qc7 ({RR} 5... Ne7 6. Nc3 Nbc6 7. Bb5 Bd7 8. Nxc6 Nxc6 9. O-O Nxe5 10. Re1 Bxb5 11. Nxb5 Ng6 {½-½ (11) Shamne,A (2183)-Khramtsov,A (2307) Novokuznetsk 2012}) 6. f4 ({RR} 6. Nc3 Qxe5+ 7. Be3 Bc5 8. Be2 Nf6 9. O-O O-O 10. Bd3 Kh8 11. Nf3 Qc7 12. Bxc5 Qxc5 13. Re1 Nc6 14. Bb5 Bd7 15. Bxc6 Bxc6 16. Ne5 Rad8 17. Nxc6 Qxc6 18. Rc1 Rfe8 19. Qd4 b6 20. h3 Qc5 {Buschmann,M (1351)-Lenz,J (1580) Magdeburg 2018 0-1 (41)}) 6... a6 7. Nc3 $146 ({RR} 7. Bd3 Nc6 8. Nxc6 bxc6 9. Be3 c5 10. O-O g6 11. Nd2 Nh6 12. c3 Nf5 13. Bf2 h5 14. Nf3 Be7 15. Qe2 Bb7 16. Rac1 h4 17. b4 c4 18. Bc2 O-O-O 19. a4 Rdg8 20. a5 Bc6 21. Ra1 Qd7 {Gonzalez Ayuste,P-Martinez Andres,F Asturias 1987 1-0 (33)}) ({RR} 7. c3 Nc6 8. Nd2 f6 9. Nxc6 bxc6 10. Nf3 Nh6 11. Bd3 Bc5 12. Qe2 O-O 13. Rf1 Qa7 14. h3 Nf5 15. Bxf5 exf5 16. Bd2 a5 17. O-O-O Ba6 18. Qe1 Bd3 19. Nd4 Rab8 20. Nxc6 Qb6 21. Nxb8 Ba3 {Kallai,L (1877)-Gara,G (2057) Budapest 2017 0-1}) 7... Bb4 8. Bd2 Ne7 9. Bd3 Nbc6 10. Nxc6 Nxc6 11. O-O g6 12. Kh1 b5 13. a3 Be7 14. Ne2 h5 15. b3 Bb7 16. c4 dxc4 17. bxc4 Rd8 18. cxb5 Rxd3 19. bxc6 Qxc6 20. Rg1 h4 21. f5 h3 22. Nf4 hxg2+ 23. Rxg2 Rdh3 24. Kg1 Bc5+ 25. Kf1 Rf3+ 26. Ke1 Rxf4 27. Bxf4 Qxg2 28. Qe2 Qh1+ 29. Qf1 Qe4+ 0-1

[Event "Campeonato Estadual de Mestres do  RJ 2"]
[Site "ALEX"]
[Date "2025.06.19"]
[Round "2.9"]
[White "Laba, Otavio De Souza"]
[Black "Da Silva, Pedro Oliveira"]
[Result "1-0"]
[WhiteElo "1905"]
[BlackElo "1656"]
[Annotator "CB - RR"]
[PlyCount "29"]
[EventDate "2025.06.19"]
[EventRounds "6"]
[EventCountry "BRA"]

1. c4 Nf6 2. Nf3 g6 3. d4 c6 4. Nc3 Bg7 5. e4 d6 6. Be2 Nbd7 7. O-O O-O 8. Be3 e5 9. d5 Nc5 ({RR} 9... Qe7 10. Nd2 h5 11. b4 c5 12. bxc5 Nxc5 13. f3 h4 14. Nb3 b6 15. Nxc5 bxc5 16. Qd2 Nh5 17. Bg5 Bf6 18. Bh6 Rd8 19. Rfb1 g5 20. g3 Kh7 21. f4 exf4 22. Bxh5 Kxh6 23. Be2 fxg3 24. Rb3 {Sasikiran,K (2650)-Demchenko,A (2654) Chess.com INT 2022 1-0 (36)}) 10. Qc2 Bd7 $146 ({RR} 10... cxd5 11. cxd5 Ng4 12. Bg5 f6 13. Bh4 a5 14. Nd2 Nh6 15. f3 Nf7 16. Bf2 Bh6 17. Rab1 f5 18. exf5 Bxf5 19. Nde4 Rc8 20. Bd3 Nxd3 21. Qxd3 Ng5 22. Be3 Nxe4 23. fxe4 Bxe3+ 24. Qxe3 Bd7 25. Rxf8+ {Fishbein,A (2387)-Rogers,N (2013) Ledyard USA 2024 1-0 (39)}) ({RR} 10... cxd5 11. cxd5 Ng4 12. Bg5 f6 13. Bh4 a5 14. Nd2 Nh6 15. f3 Nf7 16. Bf2 Bh6 17. Rab1 f5 18. exf5 Bxf5 19. Nde4 Rc8 20. Bd3 Nxd3 21. Qxd3 Ng5 22. Be3 Nxe4 23. fxe4 Bxe3+ 24. Qxe3 Bd7 25. Rxf8+ {Fishbein,A (2387)-Rogers,N (2013) Ledyard USA 2024 1-0 (39)}) ({RR} 10... cxd5 11. cxd5 Ng4 12. Bg5 f6 13. Bh4 a5 14. Nd2 Nh6 15. f3 Nf7 16. Bf2 Bh6 17. Rab1 f5 18. exf5 Bxf5 19. Nde4 Rc8 20. Bd3 Nxd3 21. Qxd3 Ng5 22. Be3 Nxe4 23. fxe4 Bxe3+ 24. Qxe3 Bd7 25. Rxf8+ {Fishbein,A (2387)-Rogers,N (2013) Ledyard USA 2024 1-0 (39)}) 11. Rfd1 Qc7 12. h3 a6 13. b4 Bxh3 14. Bxc5 cxd5 15. gxh3 1-0

[Event "Campeonato Estadual de Mestres do  RJ 2"]
[Site "ALEX"]
[Date "2025.06.19"]
[Round "2.10"]
[White "Cardoso, Rafaela Martins"]
[Black "Aipperspach, Joao Lizak"]
[Result "0-1"]
[WhiteElo "1585"]
[BlackElo "1896"]
[Annotator "CB - RR"]
[PlyCount "68"]
[EventDate "2025.06.19"]
[EventRounds "6"]
[EventCountry "BRA"]

1. e4 c5 2. Nf3 d6 3. d4 cxd4 4. Nxd4 Nf6 5. Nc3 a6 6. Bg5 e6 7. f4 Be7 8. Qf3 Qc7 9. O-O-O Nbd7 10. g4 b5 11. Bxf6 Nxf6 12. g5 Nd7 13. h4 b4 14. Nce2 Bb7 15. Ng3 d5 16. e5 g6 17. h5 Nc5 18. Bd3 Nxd3+ $146 ({RR} 18... O-O-O 19. Rh2 Qb6 20. Nb3 a5 21. Nxc5 Bxc5 22. Kb1 Kb8 23. hxg6 hxg6 24. Rxh8 Rxh8 25. Rh1 Rc8 26. Rh7 Rc7 27. Ne2 a4 28. Qh3 b3 29. Nc3 Bb4 30. Rh8+ Ka7 31. Nd1 bxc2+ 32. Bxc2 Qc5 33. Qh2 {Komljenovic,D-Bukic,E Umag 1972 0-1 (36)}) 19. Qxd3 Qb6 20. hxg6 fxg6 21. Rxh7 Rxh7 22. Qxg6+ Rf7 23. Nh5 Bc5 24. Nxe6 Be3+ 25. Kb1 Ke7 26. f5 Rxf5 27. Qxf5 Qxe6 28. Ng7 Qf7 29. Qf6+ Qxf6 30. gxf6+ Kf7 31. Rf1 Bc8 32. Rf3 Bh6 33. Nf5 Bxf5 34. Rxf5 Ke6 0-1

[Event "Campeonato Estadual de Mestres do  RJ 2"]
[Site "ALEX"]
[Date "2025.06.19"]
[Round "2.11"]
[White "Celani, Guilherme Fontes"]
[Black "Pedro, Arthur Ventura Tome"]
[Result "1-0"]
[WhiteElo "1876"]
[BlackElo "1627"]
[Annotator "CB - RR"]
[PlyCount "75"]
[EventDate "2025.06.19"]
[EventRounds "6"]
[EventCountry "BRA"]

1. e4 c5 2. c3 d5 3. exd5 Qxd5 4. d4 e6 5. Nf3 Nc6 6. Na3 cxd4 7. Nb5 Bd6 8. Nbxd4 ({RR} 8. c4 Bb4+ 9. Bd2 Bxd2+ 10. Qxd2 Qd8 11. Qf4 f6 12. Nc7+ Kf7 13. Nxa8 e5 14. Qd2 Be6 15. b4 Qxa8 16. b5 Nb8 17. c5 Ne7 18. Qb4 Nd5 19. Qa3 Nd7 20. Nd2 Nc3 21. Bc4 Bxc4 22. Nxc4 b6 {Meijers,V (2499)-Berg,E (2495) Gothenburg 2004 0-1 (46)}) 8... Nxd4 9. Nxd4 Bd7 10. Qg4 $146 ({RR} 10. Be3 Qe5 11. Be2 a6 12. Bf3 Rb8 13. g3 Qf6 14. O-O Qe7 15. Qd2 Nf6 16. Rad1 O-O 17. Bg5 Rfd8 18. Rfe1 e5 19. Nb3 Bc7 20. Bxf6 Qxf6 21. Qe3 Bc6 22. Bxc6 Qxc6 23. Qc5 Rd6 24. Qxc6 Rxc6 {Kovacs-Simon Gyongyos 1994 ½-½ (33)}) ({RR} 10. Qf3 Nf6 11. Be2 O-O 12. Qxd5 exd5 13. O-O Rfe8 14. Bf3 Ne4 15. Be3 a5 16. Rfd1 Be5 17. Ne2 Bc6 18. Bd4 Bc7 19. Be3 a4 20. b3 a3 21. Bxe4 Rxe4 22. Nd4 Bd7 23. Nc2 Be6 24. h3 Ba5 {Restrepo Ortiz,B (1891)-Ruiz Aguilar,P (2201) Medellin COL 2024 1-0 (66)}) ({RR} 10. Qf3 Nf6 11. Be2 O-O 12. Qxd5 exd5 13. O-O Rfe8 14. Bf3 Ne4 15. Be3 a5 16. Rfd1 Be5 17. Ne2 Bc6 18. Bd4 Bc7 19. Be3 a4 20. b3 a3 21. Bxe4 Rxe4 22. Nd4 Bd7 23. Nc2 Be6 24. h3 Ba5 {Restrepo Ortiz,B (1891)-Ruiz Aguilar,P (2201) Medellin COL 2024 1-0 (66)}) 10... g6 11. Qh4 Be7 12. Qg3 Nf6 13. Be2 O-O 14. O-O e5 15. Nf3 Bd6 16. Rd1 Qc6 17. Nxe5 Bxe5 18. Qxe5 Rfe8 19. Qd4 Rxe2 20. Bg5 Ne4 21. Bh6 Qf6 22. f3 Qxd4+ 23. Rxd4 Nc5 24. b4 Be6 25. bxc5 Rc8 26. a4 f6 27. Rb1 Rc7 28. Rd8+ Kf7 29. Rh8 Rd7 30. Rxh7+ Kg8 31. Rxd7 Bxd7 32. Rxb7 Bxa4 33. Rxa7 Bc2 34. c6 Re8 35. Rg7+ Kh8 36. c7 Bf5 37. g4 Bc2 38. Rd7 1-0

[Event "Campeonato Estadual de Mestres do  RJ 2"]
[Site "ALEX"]
[Date "2025.06.21"]
[Round "3.1"]
[White "Manzi, Luiz Antonio Bardar"]
[Black "Rangel, Daniel"]
[Result "0-1"]
[WhiteElo "2044"]
[BlackElo "2262"]
[Annotator "CB - RR"]
[PlyCount "100"]
[EventDate "2025.06.19"]
[EventRounds "6"]
[EventCountry "BRA"]

1. Nf3 Nf6 2. g3 g6 3. Bg2 Bg7 4. c4 O-O 5. O-O d6 6. d4 c6 7. Nc3 Bf5 8. Re1 Ne4 9. Nxe4 Bxe4 10. e3 ({RR} 10. Bh3 d5 11. Ng5 Na6 12. a3 e6 13. b4 Bf5 14. Bxf5 exf5 15. c5 Nc7 16. Bf4 Nb5 17. Nf3 Nc3 18. Qd3 Ne4 19. h4 a6 20. a4 Re8 21. Kg2 h6 22. Rh1 Re6 23. Rab1 f6 24. Rb2 g5 {Georgiadis,N (2473)-Caruana,F (2813) Germany 2016 ½-½ (62)}) 10... c5 ({RR} 10... d5 11. b3 Nd7 12. Bf1 e5 13. Bb2 exd4 14. Bxd4 Bxd4 15. Nxd4 Qf6 16. Bg2 Bxg2 17. Kxg2 dxc4 18. bxc4 Ne5 19. c5 b6 20. Rc1 b5 21. Qe2 Rfe8 22. Red1 Rab8 23. Nf3 Nc4 24. Nd2 Qb2 25. Kf1 {Trifan,A (2289)-Abarca Gonzalez,N (2387) chess.com INT 2024 0-1 (108)}) 11. Bd2 $146 ({RR} 11. d5 b5 12. cxb5 a6 13. Bf1 axb5 14. Ng5 Bf5 15. Bxb5 Qa5 16. a4 h6 17. e4 Bg4 18. f3 Bc8 19. e5 hxg5 20. exd6 exd6 21. Bxg5 Bd7 22. Be7 Re8 23. Bxd6 Bxb5 24. axb5 Rxe1+ 25. Qxe1 Qxa1 {Medvid,A-Shirokovsky,A (2346) Angarsk 2015 0-1}) 11... Nc6 12. Bc3 Qb6 13. Qd2 e5 14. d5 Nb8 15. Nh4 Bxg2 16. Nxg2 Qd8 17. e4 Nd7 18. Qd3 f5 19. f3 f4 20. g4 Bf6 21. Re2 h5 22. h3 hxg4 23. fxg4 Bh4 24. Nxh4 Qxh4 25. Be1 Qh7 26. Qf3 g5 27. Kg2 Rf6 28. Bf2 Rh6 29. Rh1 Kf7 30. a3 Rc8 31. Be1 Ke7 32. Bf2 Nf6 33. Kf1 Nd7 34. h4 gxh4 35. g5 Rh5 36. Qg4 Qg6 37. Rxh4 Rxh4 38. Bxh4 Rf8 39. Rh2 Kd8 40. Qe6 Qxe4 41. g6+ Kc7 42. g7 Qxc4+ 43. Kg1 Qc1+ 44. Kg2 f3+ 45. Kh3 Qf1+ 46. Kg4 Qg1+ 47. Bg3 Rf4+ 48. Kh5 Qxg3 49. g8=Q Qxh2+ 50. Kg6 Qg3+ 0-1

[Event "Campeonato Estadual de Mestres do  RJ 2"]
[Site "ALEX"]
[Date "2025.06.21"]
[Round "3.2"]
[White "Okamura, Milton Kasuo"]
[Black "Serpa, Rafael Araujo"]
[Result "0-1"]
[WhiteElo "2042"]
[BlackElo "2064"]
[Annotator "CB - RR"]
[PlyCount "62"]
[EventDate "2025.06.19"]
[EventRounds "6"]
[EventCountry "BRA"]

1. d4 d5 2. c4 e6 3. Nc3 Nf6 4. cxd5 exd5 5. Bg5 c6 6. e3 h6 7. Bh4 Be7 8. Bd3 O-O 9. Nge2 Re8 10. O-O Nbd7 11. f3 b5 12. Rc1 a5 13. Bf2 Ba6 14. Ng3 ({RR} 14. b3 a4 15. Qd2 Bd6 16. h3 Qe7 17. Rfe1 Nb6 18. Ng3 axb3 19. Nf5 Qd7 20. Nxd6 Qxd6 21. axb3 b4 22. Ne2 Bxd3 23. Qxd3 Ra3 24. Qc2 Nfd7 25. Nf4 Rea8 26. Nd3 Re8 27. Re2 Re6 28. Be1 Ra8 {Batsuren,D (2537)-Vetokhin,S (2533) chess.com INT 2025 ½-½ (81)}) 14... Bf8 15. Re1 ({RR} 15. e4 b4 16. Na4 Bxd3 17. Qxd3 dxe4 18. fxe4 Ng4 19. Qf3 Qh4 20. h3 Nxf2 21. Rxf2 c5 22. Qxf7+ Kh8 23. Nf5 Qg5 24. Rcf1 Nf6 25. h4 Qh5 26. Qxh5 Nxh5 27. Nxc5 g6 28. Ne3 Bxc5 29. dxc5 Rxe4) 15... a4 ({RR} 15... Qb8 16. Bb1 b4 17. Na4 c5 18. dxc5 Qb5 19. c6 Ne5 20. c7 Rac8 21. e4 Bd6 22. Nf5 Bxc7 23. Rxc7 Rxc7 24. Nd6 Qc6 25. Nxe8) 16. Bb1 $146 ({RR} 16. Nce2 Qb6 17. Nf4 c5 18. Bb1 cxd4 19. exd4 Rxe1+ 20. Qxe1 b4 21. b3 g6 22. Nd3 Bxd3 23. Bxd3 axb3 24. axb3 Bg7 25. Qd2 Ne8 26. Ne2 Nc7 27. h3 Ne6 28. Nf4 Nxf4 29. Qxf4 Nf8 30. Rc7 Bf6 {Tan,J (2322)-Ferreira,J (2535) Budapest HUN 2024 1-0 (62)}) ({RR} 16. Nce2 Qb6 17. Nf4 c5 18. Bb1 cxd4 19. exd4 Rxe1+ 20. Qxe1 b4 21. b3 g6 22. Nd3 Bxd3 23. Bxd3 axb3 24. axb3 Bg7 25. Qd2 Ne8 26. Ne2 Nc7 27. h3 Ne6 28. Nf4 Nxf4 29. Qxf4 Nf8 30. Rc7 Bf6 {Tan,J (2322)-Ferreira,J (2535) Budapest HUN 2024 1-0 (62)}) ({RR} 16. Nce2 Qb6 17. Nf4 c5 18. Bb1 cxd4 19. exd4 Rxe1+ 20. Qxe1 b4 21. b3 g6 22. Nd3 Bxd3 23. Bxd3 axb3 24. axb3 Bg7 25. Qd2 Ne8 26. Ne2 Nc7 27. h3 Ne6 28. Nf4 Nxf4 29. Qxf4 Nf8 30. Rc7 Bf6 {Tan,J (2322)-Ferreira,J (2535) Budapest HUN 2024 1-0 (62)}) 16... Qa5 17. e4 dxe4 18. fxe4 a3 19. b3 Bb4 20. Re3 c5 21. d5 Ne5 22. h3 c4 23. Nf5 g6 24. Nd4 Nfd7 25. Kh1 Nc5 26. Be1 Qb6 27. Rg3 Ncd3 28. Bxd3 Nxd3 29. Rxd3 cxd3 30. Qxd3 Bc5 31. Nce2 b4 0-1